Top 15 NBA Leaders in Rebounding - Statistics

General Stats
  • This quiz has been taken 18 times
  • The average score is 12 of 15
Answer Stats
# Team+Pos Answer % Correct
1. Warriors - C Wilt Chamberlain
100%
2. Celtics - C Bill Russell
94%
3. Bucks - C Kareem Abdul-Jabbar
94%
14. Rockets - C Hakeem Olajuwon
88%
7. Jazz - PF Karl Malone
88%
15. Lakers - C Shaquille O'Neal
88%
6. Spurs - PF Tim Duncan
88%
10. Magic - C Dwight Howard
82%
5. 76ers - C Moses Malone
82%
8. Celtics - C Robert Parish
82%
13. Wizards/Bullets - C Wes Unseld
82%
4. Wizards/Bullets - PF Elvin Hayes
76%
9. Timberwolves - PF Kevin Garnett
76%
11. Warriors - PF Nate Thurmond
47%
12. Wizards/Bullets - C Walt Bellamy
35%
No matching quizzes found
Score Distribution
Percent of People with Each Score
Percentile by Number Answered
Your Score History
You have not taken this quiz